[Event "FIDE World Uni Rapid-E 1st"]
[Site "Tornelo INT"]
[Date "2021.03.21"]
[Round "8"]
[White "Tretiakov, Dmitriy"]
[Black "Tsolakidou, Stavroula"]
[Result "0-1"]
[WhiteElo "1997"]
[BlackElo "2379"]
[PlyCount "98"]
[EventDate "2021.03.20"]
[EventType "swiss (rapid)"]
[EventRounds "12"]
[EventCountry "NET"]
[SourceTitle "EXT 2022"]
[Source "ChessBase"]
[SourceDate "2021.10.06"]
[SourceVersion "1"]
[SourceVersionDate "2021.10.06"]
[SourceQuality "1"]

1. Nf3 Nf6 2. c4 e6 3. Nc3 d5 4. cxd5 exd5 5. d4 a6 6. Bg5 Be6 7. e3 Nbd7 8. Bd3 Bd6 9. 0-0 c6 10. Rb1 Qc7 11. b4 h6 12. Bh4 Bg4 13. a4 Bxh2+ 14. Kh1 g5 15. Bg3 Bxg3 16. fxg3 Qxg3 17. Ne2 Qd6 18. b5 axb5 19. axb5 Nh5 20. Qe1 0-0 21. Kg1 Rfe8 22. Qf2 Qe7 23. Ne5 Nxe5 24. dxe5 Ra2 25. bxc6 bxc6 26. Rb6 Bxe2 27. Bxe2 Rxe2 28. Qxe2 Ng3 29. Qf3 Nxf1 30. Kxf1 Qxe5 31. Rxc6 Kg7 32. Rc5 Rd8 33. Kf2 Rd6 34. Kg1 h5 35. g3 Rf6 36. Rxd5 Rxf3 37. Rxe5 Rxg3+ 38. Kf2 h4 39. e4 Kf6 40. Rf5+ Ke6 41. Ra5 f6 42. Rf5 Rg4 43. Kf3 Rf4+ 44. Rxf4 gxf4 45. Kxf4 h3 46. Kg3 Ke5 47. Kxh3 Kxe4 48. Kg2 Ke3 49. Kf1 Kf3 0-1

[Event "FIDE World Uni Rapid-E 1st"]
[Site "Tornelo INT"]
[Date "2021.03.20"]
[Round "4"]
[White "Antolak, Julia"]
[Black "Tretiakov, Dmitriy"]
[Result "1-0"]
[WhiteElo "2306"]
[BlackElo "1997"]
[PlyCount "49"]
[EventDate "2021.03.20"]
[EventType "swiss (rapid)"]
[EventRounds "12"]
[EventCountry "NET"]
[SourceTitle "EXT 2022"]
[Source "ChessBase"]
[SourceDate "2021.10.06"]
[SourceVersion "1"]
[SourceVersionDate "2021.10.06"]
[SourceQuality "1"]

1. e4 c5 2. Nf3 e6 3. d4 cxd4 4. Nxd4 a6 5. Bd3 b5 6. a4 b4 7. 0-0 Bb7 8. c3 Nf6 9. Qe2 d5 10. e5 Nfd7 11. f4 g6 12. Be3 bxc3 13. Nxc3 Be7 14. f5 gxf5 15. Nxe6 fxe6 16. Qh5+ Kf8 17. Bxf5 exf5 18. Rxf5+ Bf6 19. exf6 h6 20. Bxh6+ Rxh6 21. Qxh6+ Kf7 22. Re1 Qb6+ 23. Kh1 Nxf6 24. Qh7+ Kf8 25. Qe7+ 1-0

[Event "FIDE World Uni Rapid-E 1st"]
[Site "Tornelo INT"]
[Date "2021.03.20"]
[Round "5"]
[White "Tretiakov, Dmitriy"]
[Black "Chan, Kim Yew"]
[Result "0-1"]
[WhiteElo "1997"]
[BlackElo "2303"]
[PlyCount "82"]
[EventDate "2021.03.20"]
[EventType "swiss (rapid)"]
[EventRounds "12"]
[EventCountry "NET"]
[SourceTitle "EXT 2022"]
[Source "ChessBase"]
[SourceDate "2021.10.06"]
[SourceVersion "1"]
[SourceVersionDate "2021.10.06"]
[SourceQuality "1"]

1. Nf3 c5 2. c4 g6 3. Nc3 Bg7 4. g3 Nc6 5. Bg2 e6 6. d3 Nge7 7. Bd2 d5 8. 0-0 0-0 9. a3 b6 10. cxd5 exd5 11. Rb1 a5 12. Bf4 d4 13. Nb5 Nd5 14. Bg5 Qd7 15. a4 Bb7 16. Ne1 Rae8 17. Nc2 h6 18. Bd2 Re7 19. Nca3 Ne5 20. Re1 Bc6 21. Qb3 Rfe8 22. Rbc1 Kh7 23. h3 Nb4 24. Bxc6 Nexc6 25. Nc4 Rxe2 26. Nxb6 Qxh3 27. Rxe2 Rxe2 28. Qd1 Rxf2 29. Kxf2 Nxd3+ 30. Ke2 Nce5 31. Qh1 Nxc1+ 32. Qxc1 Qg2+ 33. Kd1 d3 34. Nc3 Nf3 35. Be1 Bd4 36. Nbd5 Qf1 37. Nf6+ Bxf6 38. Qe3 Qxe1+ 39. Qxe1 Nxe1 40. Kxe1 Bxc3+ 41. bxc3 c4 0-1